La Protesta en el campo colombiano . De la lucha por la tierra a la defensa de los derechos humanos: 1990-2003 /
Gardado en:
| Autor Principal: | |
|---|---|
| Formato: | Texto |
| Materias: | |
| Etiquetas: |
Engadir etiqueta
Sen Etiquetas, Sexa o primeiro en etiquetar este rexistro!
|
MARC
| LEADER | 00000 a a2200000 04500 | ||
|---|---|---|---|
| 001 | 10995 | ||
| 003 | |||
| 040 | |||
| 100 | |a Prada M. Esmeralda | ||
| 245 | |a La Protesta en el campo colombiano . De la lucha por la tierra a la defensa de los derechos humanos: 1990-2003 / |c Esmeralda Prada M. | ||
| 650 | |a MOVIMIENTOS CAMPESINOS | ||
| 650 | |a ANALISIS HISTORICO | ||
| 650 | |a TENENCIA DE LA TIERRA | ||
| 650 | |a DERECHOS HUMANOS | ||
| 773 | |g volumen 4, número 11; páginas 53-64 | ||
| 999 | |c 32587 |d 32587 | ||
